000 01281 a2200229 4500
001 40612
005 20260407155701.0
008 260407a2015 arg spa d
003 AR-UNSa-BCEJYS
040 _aAR-UNSa-BCEJYS
_bspa
_cAR-UNSa-BCEJYS
080 _a1(09)
_xHistoria de la Filosofía
245 1 0 _aPrincipios de filosofía
_puna introducción a su problemática
020 _a978-950-12-0304-2
264 1 _aBuenos Aires :
_bPaidós
_c2015
300 _a715 p.
_c23 cm.
505 _a1. Los problemas de la filosofía - 2. Cambio y permanencia - 3. La filosofía como crítica universal y saber sin supuestos - 4. El descubrimiento del concepto. Sócrates - 5. El mundo de las ideas. Platón - 6. El mundo de las sustancias. Aristóteles - 7. La razón y la Fe. Santo Tomás - 8. El racionalismo. Descartes - 9. El empirismo - 10. El idealismo trascendental. Kant - 11. El idealismo absoluto. Hegel - 12. El materialismo histórico. Marx - 13. La fenomenología. Husserl - 14. Ser y existencia. Heidegger - 15. Epílogo. El hombre y la filosofía -
041 _aspa
942 _cBK
590 _aniveau_biblio:m niveau_hierar:0
100 1 _aCarpio, Adolfo P.
856 4 1 _uhttps://biblioeco.unsa.edu.ar/pmb/images/libros/L126197.jpg
_yImagen de portada
_qimage/jpeg
999 _c3262
_d3262